000 00415nam a2200181Ia 4500
003 0100
008 130303s9999 xx 000 0 und d
040 _cARRUPELIB
050 _aB3148.T111 1965
100 _aTaaffe, Thomas
245 4 _aThe philosophy of Arthur Schopenhauer
260 _aNew York
260 _bMonarch Press
260 _C1965
300 _a111p.
300 _b 22cm.
942 _2lcc
_01
999 _c62280
_d62280